| 000 | 00954cam a2200181 4500 | ||
|---|---|---|---|
| 001 | WS104634 | ||
| 008 | 000000n 000 0 eng u | ||
| 035 | _a(Sirsi) u104634 | ||
| 245 | _aCentre for Accessible Environments | ||
| 520 | _aSite for this centre which is committed to the provision of buildings and places which are accessible to all users, including disabled and older people and to the enhancement of quality in design. Includes details of their access consultancy, publications and training courses. | ||
| 650 | _aMANAGEMENT-BUSINESS MANAGEMENT-DISCRIMINATION-DISABILITY DISCRIMINATION-ACCESSIBILITY | ||
| 650 | _aMOBILITY | ||
| 650 | _aMANAGEMENT-BUSINESS MANAGEMENT-DISCRIMINATION-DISABILITY DISCRIMINATION-ACCESSIBILITY | ||
| 650 | _aBUILT ENVIRONMENT-BUILDING INSPECTION | ||
| 690 | _aBUILT ENVIRONMENT-CONSTRUCTION DESIGN | ||
| 856 | 4 | 0 |
_uhttps://www.cae.org.uk/ _zView the website free of charge at www.cae.org.uk/... |
| 942 | _n0 | ||
| 999 |
_c119434 _d119434 |
||